000 01004nas a2200289 4500
001 BR2013009002
003 BR-BrBNA
005 20231205123238.0
007 ta
008 230509b bl.|||p| |||| 00| 00por d
040 _aBR-BrBNA
_bpor
_cBiblioteca Nacional de Agricultura
041 _a(Pt)
072 _aP10
100 1 _aSilva, A.P. de S.
100 1 _aDias, H.C.T.
100 1 _aBastos, R.K.X.
100 1 _aSilva, E.
245 1 _aQualidade da água do Reservatório da Usina Hidrelétrica (UHE)de Peti, Minas Gerais
246 1 _aWater quality and land use around the reservoir of the hydroelectric power station of Peti, Minas Gerais
650 _aÁGUA
650 _aQUALIDADE
650 _aHIDRELÉTRICA
773 0 _tRevista Árvore (Brazil)
_xISSN 0100-6762
_g(Nov-Dec 2009), v. 33(6) p. 1063-1069
_wBR2013009002
856 4 _uhttp://www.scielo.br/pdf/rarv/v33n6/a09v33n6.pdf
_yRecurso eletrônico (PDF)
909 _a202311
_bLúcia
_c55
_dLúcia Elande
942 _2AGRIS
_n0
_cANA
999 _c232904
_d232904